000 00448nam a2200157 4500
001 110043
003 ES-MaACL
005 20230906184951.0
007 t|
008 061121s1968 sp r ||||1| spa d
100 1 _aObregón Barreda, Luis.
_986428
245 1 3 _aLa educación en la mente del Vaticano II /
_cLuis Obregón Barreda.
260 _aMadrid :
_bStudium,
_c1968.
300 _a408 p. ;
_c21 cm.
852 _aES-MaACL
_jC-48373
_bR.68079
999 _c110043
_d110043